Blue Lock Characters - Statistiques

Statistiques générales
  • Ce quiz a été pris 155 fois
    9 depuis la dernière actualisation
  • Le résultat moyen est 112 sur 214
Statistiques - réponses
Indice Répondre % Correct
Team Z Bachira Meguru
100%
Team Z Chigiri Hyoma
100%
Team Z Isagi Yoichi
100%
Team Z Kunigami Rensuke
100%
Team Z Gagamaru Gin
100%
Team Z Iemon Okuhito
100%
Team V Mikage Reo
100%
Team V Nagi Seishiro
100%
Team Z Naruhaya Asahi
100%
Team Y Niko Ikki
100%
Team V Tsurugi Zantetsu
100%
Other Blue Lock Aryu Jubei
83%
Family B. Bachira Yu
83%
Team X Baro Shoei
83%
Nigeria U-20 Player 🇳🇬 Bello
83%
Professional Player 🇬🇧 Blake Adam
83%
Spain Prodigy (FC Barcha) 🇪🇸 Bunny Iglesias
83%
Professional Player 🇦🇷 Cavasoz Pablo
83%
Italian Prodigy (Ubers) 🇮🇹 Don Lorenzo
83%
Blue Lock Staff Ego Jinpachi
83%
Other Blue Lock Hiori Yo
83%
French Prodigy 🇫🇷 Hugo Vivian
83%
Team Z Igarashi Gurimu
83%
Team Z Imamura Yudai
83%
Other Blue Lock I. Itoshi Rin
83%
Japanese Prodigy (RE AL) I. Itoshi Sae
83%
German Prodigy (Bastard Munchen) 🇩🇪 Kaiser Michael
83%
Other Blue Lock Karasu Tabito
83%
Eliminate at the first stage Kira Ryosuke
83%
Other Blue Lock Kiyora Jin
83%
Team Z Kuon Wataru
83%
Other Blue Lock Kurona Ranze
83%
Nigeria U-20 Player (Captain) 🇳🇬 Kuzo Godwin
83%
Professional Player (FC Barcha) 🇧🇷 Lavinho
83%
French Prodigy (PXG) 🇫🇷 Loki Julian
83%
Professional Player (RE AL) 🇪🇸 Luna Leonardo
83%
Other Blue Lock Nanase Nijirô
83%
NEL Bastard München 🇩🇪 Ness Alexis
83%
Other Blue Lock Nishioka Hajime
83%
Professional Player (Bastard Munchen) 🇫🇷 Noel Noa
83%
Team Y Okawa Hibiki
83%
Nigeria U-20 Player 🇳🇬 Onazi Innocent
83%
Other Blue Lock Otoya Eita
83%
Professional Player (Manshine City) 🇬🇧 Prince Chris
83%
Team Z Raichi Jingo
83%
Other Blue Lock Shidou Ryusei
83%
Professional Player 🇧🇷 Silva Dada
83%
Professional Player (Ubers) 🇲🇹 Snuffy Marc
83%
Blue Lock Staff Teieri Anri
83%
Other Blue Lock Tokimitsu Aoshi
83%
Team W Tokita Kai
83%
Team W W. Wanima Junichi
83%
Other Blue Lock Yukimiya Kenyu
83%
Nigeria U-20 Player 🇳🇬 Agbim
67%
NEL Manshine City 🇬🇧 Agi
67%
NEL Bastard München 🇩🇪 Ali
67%
France U-20 Player 🇫🇷 Bats
67%
NEL Bastard München 🇩🇪 Birkenstock
67%
JFA Buratsuta Hirotoshi
67%
France U-20 Player 🇫🇷 Camus
67%
NEL PXG 🇫🇷 Chapa
67%
NEL PXG 🇫🇷 Chevalier Charles
67%
Japan U-20 holder Chou Kento
67%
Japan U-20 holder Darai Miroku
67%
President of Pipa Dark Ray
67%
NEL Ubers 🇮🇹 Drago
67%
Other Blue Lock Endoji Akira
67%
Japan U-20 holder Fukaku Gen
67%
NEL PXG 🇫🇷 Gabin
67%
NEL Bastard München 🇩🇪 Gesner Erik
67%
NEL Bastard München 🇩🇪 Grim Benedict
67%
Japan U-20 holder Hayate Haru
67%
France U-20 Player 🇫🇷 Hermes
67%
Other Blue Lock Hiiragi Reiji
67%
Other Blue Lock Himizu Aiki
67%
Family I. Isagi Iyo
67%
Other Blue Lock Ishikari Yukio
67%
Nigeria U-20 Player 🇳🇬 Kaita
67%
Japan U-20 holder Kitsunezato Teru
67%
NEL FC Barcha 🇪🇸 Lara Ignacio
67%
France U-20 Player 🇫🇷 Leyden
67%
NEL Bastard München 🇩🇪 Mensah
67%
NEL PXG 🇫🇷 Michelin
67%
NEL Bastard München 🇩🇪 Ndiaye
67%
Japan U-20 holder Neru Teppei
67%
Japan U-20 holder Niou Kazuma
67%
Japan U-20 holder Oliver Aiku
67%
NEL Ubers 🇮🇹 Peron
67%
NEL PXG 🇫🇷 Renoir
67%
NEL Bastard München 🇩🇪 Sachs Theo
67%
Other Blue Lock Saramadara Kairu
67%
Japan U-20 holder Sendo Shuto
67%
Other Blue Lock Shiguma Kyôhei
67%
Blue Lock Side-B Player Shirosawa Akira
67%
Team W Shishiya Kei
67%
NEL FC Barcha 🇪🇸 So
67%
Other Blue Lock Sokura Tetsu
67%
Nigeria U-20 Player 🇳🇬 Umaru
67%
Japan U-20 holder Wakatsuki Itsuki
67%
Team W W. Wanima Keisuke
67%
NEL Ubers 🇮🇹 Abdi
50%
NEL Bastard München 🇩🇪 Bachman
50%
NEL PXG 🇫🇷 Debussy
50%
France U-20 Player 🇫🇷 Delon
50%
Nigeria U-20 Player 🇳🇬 Epko
50%
Nigeria U-20 Player 🇳🇬 Ezekiel
50%
Former French U18 Player 🇫🇷 Gabriel
50%
Coach Nigeria U-20 🇳🇬 Gambari
50%
Nigeria U-20 Player 🇳🇬 Momodu
50%
Eliminate at the first stage Nameoka Ryo
50%
Nigeria U-20 Player 🇳🇬 Oboabona
50%
NEL Ubers 🇮🇹 Rico
50%
Coach France U-20 🇫🇷 Rodin
50%
Nigeria U-20 Player 🇳🇬 Sadiq
50%
Japanese player from the AAA club Shindo Haneru
50%
NEL Manshine City 🇬🇧 Swift
50%
Other Blue Lock Tanaka Shingen
50%
Other Blue Lock Tsunzaki Taiga
50%
Substitute for Japan U-20 Akashi Imaru
33%
Team W Amazora Yusei
33%
NEL Manshine City 🇬🇧 Arthur
33%
Team V Atatame Masumi
33%
Team X Banku Yawara
33%
NEL FC Barcha 🇪🇸 Bos
33%
NEL Manshine City 🇬🇧 Daemon
33%
Team X Daido Burai
33%
Team X Dokomo Yuza
33%
NEL Manshine City 🇬🇧 Driver
33%
Team X Eiyu Tsukoteru
33%
Team X Ezaki Chihiro
33%
Team V Ebina Shuhei
33%
Team V Nemoto Sota
33%
Team W Fuwa Raito
33%
NEL FC Barcha 🇪🇸 Gomez
33%
Team V Hijikata Kisaburo
33%
Team V Hohai Rikiya
33%
Blue Lock Side-B Player Iehitori Kevin
33%
Team W Isezaki Takuma
33%
Team Y Ito Juraki
33%
Team W Jigen Noboru
33%
Team Y Kagura Soshi
33%
Substitute for Japan U-20 Kamioka Ryu
33%
Team Y Konan Shinchi
33%
Team X Kora Ruto
33%
Team Y Koshiba Hyuga
33%
Team W Koshinaka Yujin
33%
Team Y Madoka Tobio
33%
Team X Meiji Haato
33%
Team W Mera Koki
33%
Team V Midorikawa Hirakazu
33%
Blue Lock Side-B Player Miike Takeru
33%
Blue Lock Side-B Player Mizuki Shigeo
33%
Professional Player 🇲🇹 Moon Mick
33%
Team X Morinaga Daiya
33%
NEL FC Barcha 🇪🇸 Moro
33%
Team W Munakata Hiromu
33%
Blue Lock Side-B Player Nakajima Nagisa
33%
Commentator Natsuki Harutaro
33%
Team V Nerima Retsu
33%
Blue Lock Side-B Player Nishiyama Takashi
33%
NEL PXG 🇫🇷 Ohana
33%
Team X Otsuka Kosei
33%
Blue Lock Side-B Player Ozu Yasuji
33%
NEL FC Barcha 🇪🇸 Picasso
33%
NEL PXG 🇫🇷 Poussin
33%
Team Y Rokkaku Fuma
33%
NEL Manshine City 🇬🇧 Rook
33%
Team X Sanga Rian
33%
Team Y Sato Iori
33%
Team Y Suzuki Ashime
33%
Team Y Takeyame Mareto
33%
Blue Lock Side-B Player Tami Neita
33%
Commentator Tereasa Atsuto
33%
Team V Torikai Kanji
33%
NEL Manshine City 🇬🇧 Young
33%
Other Blue Lock Yuzu Haruhiko
33%
Family K. Alice Love
17%
Nanny Ba-Ya
17%
Substitute for Japan U-20 Bitou Takeshi
17%
NEL Manshine City 🇬🇧 Busby
17%
NEL Ubers 🇮🇹 Canali
17%
Family C. Chigiri Koyuki
17%
Family C. Chigiri Neneko
17%
Bonus Choki
17%
NEL PXG 🇫🇷 Cousin
17%
NEL PXG 🇫🇷 Cucuron
17%
Assistant Dabadie Girolan
17%
NEL PXG 🇫🇷 Domenech
17%
NEL FC Barcha 🇪🇸 Espesso
17%
Family K. Frederick Kaiser
17%
Substitute for Japan U-20 Hagimoto Taisho
17%
Other Blue Lock Haiji Shizuka
17%
Substitute for Japan U-20 Hekisa Shinsuke
17%
Family H. Hiori Ginji
17%
Family H. Hiori Junko
17%
Former Japan U-20 coach Hoichi Yasumori
17%
Other Player Inaba Shohei
17%
Family I. Isagi Issei
17%
Substitute for Japan U-20 Morita Iito
17%
Family N. Naruhaya Mahiru
17%
Family N. Naruhaya Seina
17%
Family N. Naruhaya Tenka
17%
Family N. NaruhayaYôta
17%
Family N. Naruhaya Yûya
17%
Journalist Nihei Shusaku
17%
Substitute for Japan U-20 Osuna Ryuhei
17%
NEL FC Barcha 🇪🇸 Ruiz
17%
NEL Bastard München 🇩🇪 Schneider Igor
17%
Substitute for Japan U-20 Shimura Andatte Ken
17%
Other Player Tada Tomonari
17%
Substitute for Japan U-20 Tokorojoji Takayuki
17%
Substitute for Japan U-20 Tsuru Beita
17%
NEL FC Barcha 🇪🇸 Uraziz
17%
Substitute for Japan U-20 Yasushi Kiyoshi
17%
Aucun quiz correspondant
Distribution des résultats
% des personnes avec chaque résultat
Percentile par nombre de réponses
Votre historique - résultats
Vous n’avez pas pris ce quiz depuis la dernière actualisation